Tự học giao tiếp tiếng Hàn

Saved in:
Bibliographic Details
Format: Book
Published: 2006
Tags: Add Tag
No Tags, Be the first to tag this record!
Institutions: Mạng thư viện Đại học Đà Nẵng
LEADER 00446nam a22001811a 4500
001 000036393
003 12688
005 20160408145155.0
008 160408s2006 000
082 |a 4K(07) 103-04 
245 |a Tự học giao tiếp tiếng Hàn  |c Lê Huy Khoa 
260 |c 2006 
OWN |a LNN 
999 |a From the UDN01 
TYP |a Monograph 
980 |a Mạng thư viện Đại học Đà Nẵng